01055 2200229 4500001002100000005001500021035002000036007000300056008004100059020002200100082001600122084002200138100001500160245008600175250003300261260003200294300002000326520044000346990001300786990001300799990001300812INLIS00000000000791120220223084756 a0010-0222000193ta220223 g 0 ind  a978-602-61357-3-5 aR 571.310 3 aR 571.310 3 ARD e0 aARDIAN PGS1 aENSIKLOPEDI ILMU PENGETAHUAN ALAM (HEWAN) :bMengenal Anatomi Hewan /cARDIAN PGS aCetakan Kelima, Agustus 2020 aBandung :bKubu Buku,c2020 a120 Hal :bilus aAnatomi hewan merupakan ilmu yang mempelajari struktur perkembangan tubuh hewan, struktur tubuh hewan berkembang dari struktur sederhana menuju kearah struktur yang lebih sempurna. Buku ini secara khusus membahas anatomi hewan. Gambaran yang disampaikan ringkas dan padat untuk mempermudah dalam pembelajaran anatomi hewan. Terdapat ilustrasi bagian dalam tubuh hewan yang menunjukkan tata letak organ tubuh bagian dalam dan fungsinya. a022.5938 a022.5939 a022.5940